Il corpo di Adamo

Gardado en:
Detalles Bibliográficos
Autor Principal: Ricci Donatella
Formato: Libro
Idioma:lingua descoñecida ou non válida
Publicado: Milano Xenia 1992
Tags: Engadir etiqueta
Sen Etiquetas, Sexa o primeiro en etiquetar este rexistro!

MARC

LEADER 00000nam a2200000Ia 4500
001 152
003 NUMERAZIONE-ORIGINALE-BRESCIA
005 20260206230748.0
008 260206s9999 xx 000 0 und d
100 |a Ricci Donatella 
245 0 |a Il corpo di Adamo 
260 |a Milano 
260 |b Xenia 
260 |c 1992 
500 |a Guida alla salute degli organi sess. maschili 
500 |a I libri dell'altra scienza 
942 |2 ddc  |c BK  |n 0 
952 |0 0  |1 0  |2 ddc  |4 0  |6 26  |7 0  |9 28345  |a BS  |b BS  |d 2026-02-06  |i 152  |l 0  |o 2-6-*  |r 2026-02-06 22:40:33  |w 2026-02-06  |x [REVISIONARE]  |y BK 
999 |c 24033  |d 24033